|
|
|
|
| LEADER |
01468nam a2200385 a 4500 |
| 001 |
EBC237319 |
| 003 |
MiAaPQ |
| 005 |
20200520144314.0 |
| 006 |
m o d | |
| 007 |
cr cn||||||||| |
| 008 |
971006s1998 enk sb 001 0 eng |
| 010 |
|
|
|z 97044290
|
| 020 |
|
|
|z 0415186048
|
| 035 |
|
|
|a (MiAaPQ)EBC237319
|
| 035 |
|
|
|a (Au-PeEL)EBL237319
|
| 035 |
|
|
|a (CaPaEBR)ebr2003836
|
| 035 |
|
|
|a (CaONFJC)MIL14217
|
| 035 |
|
|
|a (OCoLC)936907644
|
| 040 |
|
|
|a MiAaPQ
|c MiAaPQ
|d MiAaPQ
|
| 050 |
|
4 |
|a HC59.15
|b .C37 1998
|
| 082 |
0 |
4 |
|a 333.7
|2 21
|
| 100 |
1 |
|
|a Carney, Diana.
|
| 245 |
1 |
0 |
|a Natural resource management and institutional change
|h [electronic resource] /
|c Diana Carney and John Farrington.
|
| 260 |
|
|
|a London ;
|a New York :
|b Routledge,
|c 1998.
|
| 300 |
|
|
|a xi, 120 p.
|
| 490 |
1 |
|
|a Routledge Research/ODI development policy studies
|
| 504 |
|
|
|a Includes bibliographical references (p. 107-115) and index.
|
| 533 |
|
|
|a Electronic reproduction. Ann Arbor, MI : ProQuest, 2015. Available via World Wide Web. Access may be limited to ProQuest affiliated libraries.
|
| 650 |
|
0 |
|a Natural resources
|x Management.
|
| 650 |
|
0 |
|a Natural resources
|z Developing countries
|x Management.
|
| 655 |
|
4 |
|a Electronic books.
|
| 700 |
1 |
|
|a Farrington, John.
|
| 710 |
2 |
|
|a ProQuest (Firm)
|
| 830 |
|
0 |
|a Routledge Research/ODI development policy studies.
|
| 856 |
4 |
0 |
|u https://ebookcentral.proquest.com/lib/matrademy/detail.action?docID=237319
|z Click to View
|